The chemistry of cements.// (Record no. 111609)
[ view plain ]
| 000 -LEADER | |
|---|---|
| fixed length control field | 00449nam a22001697a 4500 |
| 003 - CONTROL NUMBER IDENTIFIER | |
| control field | BD-ChCU |
| 005 - DATE AND TIME OF LATEST TRANSACTION | |
| control field | 20260216094312.0 |
| 008 - FIXED-LENGTH DATA ELEMENTS--GENERAL INFORMATION | |
| fixed length control field | 260216b bg ||||| |||| 00| 0 ben d |
| 040 ## - CATALOGING SOURCE | |
| Transcribing agency | BD-ChCU |
| 082 ## - DEWEY DECIMAL CLASSIFICATION NUMBER | |
| Classification number | 666.94 TAC |
| 100 ## - MAIN ENTRY--PERSONAL NAME | |
| Personal name | Taylor, H. F. W. ed. |
| 9 (RLIN) | 20324 |
| 245 ## - TITLE STATEMENT | |
| Title | The chemistry of cements.// |
| Statement of responsibility, etc. | Taylor, H. F. W. ed. |
| 260 ## - PUBLICATION, DISTRIBUTION, ETC. | |
| Place of publication, distribution, etc. | London. |
| Name of publisher, distributor, etc. | Academic Press. |
| Date of publication, distribution, etc. | 1964 |
| 300 ## - PHYSICAL DESCRIPTION | |
| Extent | v.1 & 2 |
| 650 #0 - SUBJECT ADDED ENTRY--TOPICAL TERM | |
| Topical term or geographic name entry element | Cement. |
| 9 (RLIN) | 20325 |
| 942 ## - ADDED ENTRY ELEMENTS (KOHA) | |
| Source of classification or shelving scheme | Dewey Decimal Classification |
| Koha item type | Books |
| Suppress in OPAC | No |
| Withdrawn status | Lost status | Source of classification or shelving scheme | Damaged status | Not for loan | Home library | Current library | Shelving location | Date acquired | Source of acquisition | Total Checkouts | Full call number | Barcode | Date last seen | Copy number | Price effective from | Koha item type | Public note |
|---|---|---|---|---|---|---|---|---|---|---|---|---|---|---|---|---|---|
| Dewey Decimal Classification | Chittagong University Library | Chittagong University Library | Business and Social Science Reading Room | 02/16/2026 | Purchase | 666.94 TAC | 47467 | 02/16/2026 | C-1 | 02/16/2026 | Books | V : 1 | |||||
| Dewey Decimal Classification | Chittagong University Library | Chittagong University Library | Business and Social Science Reading Room | 02/16/2026 | Purchase | 666.94 TAC | 47468 | 02/16/2026 | C-2 | 02/16/2026 | Books | V : 2 |